Education for social reconstruction/
Na minha lista:
| Autor principal: | |
|---|---|
| Formato: | Livro |
| Publicado em: |
Lagos:
MacMillan and company (nigeria) limited,
c1966.
|
| Assuntos: | |
| Tags: |
Adicionar Tag
Sem tags, seja o primeiro a adicionar uma tag!
|
MARC
| LEADER | 00000nam a22000007a 4500 | ||
|---|---|---|---|
| 005 | 20260418142048.0 | ||
| 020 | |a N/A |c TZS 10,000/= | ||
| 040 | |a MCCL |b eng. |e AACR 2nd rev. ed. | ||
| 082 | |a 370.19309669 UKE | ||
| 100 | |a Ukeje, B. Onyerisara | ||
| 245 | |a Education for social reconstruction/ |c B. Onyerisara Ukeje | ||
| 260 | |a Lagos: |b MacMillan and company (nigeria) limited, |c c1966. | ||
| 300 | |a 184p.: |c 21 cm. | ||
| 546 | |a eng. | ||
| 650 | |a Education |b Nigeria | ||
| 650 | |a Socio-economic conditions | ||
| 942 | |c BK | ||
| 999 | |c 12691 |d 12691 | ||